000 01010cam a22003013a 4500
001 1248
003 PGUSA
005 20140828082958.0
008 060219s2006||||xxu|||||s|||||000 | eng d
040 _aPGUSA
_beng
042 _adc
050 4 _aF590.3
100 1 _aWetmore, Helen Cody
245 1 0 _aLast of the Great Scouts :
_bThe Life Story of William F. Cody ["Buffalo Bill"]
_h[electronic resource] /
_cHelen Cody Wetmore
260 _bProject Gutenberg,
_c2006
506 _aPublic domain in the USA.
516 _aElectronic text
653 _aScouts (Reconnaissance) -- West (U.S.) -- Biography
653 _aBuffalo Bill's Wild West Show
653 _aPioneers -- West (U.S.) -- Biography
653 _aBuffalo Bill, 1846-1917
653 _aFrontier and pioneer life -- West (U.S.)
653 _aEntertainers -- United States -- Biography
653 _aWest (U.S.) -- Biography
830 0 _aProject Gutenberg
_v1248
856 4 0 _uhttp://www.gutenberg.org/ebooks/1248
942 _cEB
999 _c230596
_d230596